| 000 | 00718nam a22002057a 4500 | ||
|---|---|---|---|
| 005 | 20240806122717.0 | ||
| 010 | _aB-760114 | ||
| 020 |
_a9788129138866 _c140.00 |
||
| 035 | _aB-760114 | ||
| 037 |
_bGift _adpl |
||
| 082 | _aS | ||
| 245 |
_aJunior Classics-2: _b Captains courageous, The ingeniousgentleman don quixote of La Mancha , The man in the iron mask, The red badge of Courage/ |
||
| 260 |
_aNew Delhi _bRed Turtle Rupa _c2016 |
||
| 270 |
_a7/16, Ansari Road, Daryaganj _bNew Delhi _e110002 |
||
| 300 |
_a127p. _c18cm(pbk) |
||
| 490 |
_aJunor Clssics _v20 Volumes |
||
| 650 |
_a Children's literature. _969556 |
||
| 942 |
_cCH _2ddc _mJUN _hS |
||
| 999 |
_c204867 _d204867 |
||